| 000 | 01205cam a2200361 a 4500 | ||
|---|---|---|---|
| 001 | 4735 | ||
| 003 | FISKH | ||
| 005 | 20250731141151.0 | ||
| 008 | 970430s1997 nyua b 000 1 eng | ||
| 010 | _a 97019092 | ||
| 020 | _a0679886117 (trade) | ||
| 020 | _a9780590819282 | ||
| 040 |
_aDLC _cDLC _dDLC _beng |
||
| 050 | _aPZ8.D4465 | ||
| 082 | _a813.54 | ||
| 100 | 1 | _aDeRolf, Shane. | |
| 245 | 1 | 4 |
_aThe crayon box that talked / _cby Shane DeRolf ; illustrated by Michael Letzig. |
| 250 | _aFirst Scholastic printing, September 1998 | ||
| 260 |
_aNew York : _bScholastic, _c1997. |
||
| 300 |
_a22 unnumbered pages : _bcolor illustrations ; _c26 cm |
||
| 505 | _aJ | ||
| 520 | _aAlthough they are many different colors, the crayons in a box discover that when they get together they can appreciate each other and make a complete picture. | ||
| 521 | 8 |
_a460
_bLexile |
|
| 521 | 8 |
_aJ
_bRaz-Plus |
|
| 650 | 1 |
_aCrayons _xFiction. |
|
| 650 | 1 |
_aColor _xFiction. |
|
| 650 | 1 |
_aIndividuality _xFiction. |
|
| 650 | 1 | _aStories in rhyme. | |
| 700 | 1 |
_aLetzig, Michael, _eillustrator |
|
| 906 |
_a7 _bcbc _corignew _d1 _eocip _f19 _gy-gencatlg |
||
| 942 |
_2ddc _cBK _n0 |
||
| 999 |
_c4735 _d4735 |
||